Statistiques concernant Départements de France par point culminant avec carte

Cliquez ici pour prendre le quiz!

Statistiques générales

  • Ce quiz a été pris 684 fois
  • Le résultat moyen est 60 sur 101

Réponses sur la Carte

Les réponses sont colorées sur une échelle allant du rouge au vert en fonction du pourcentage des utilisateurs qui les ont devinées à leur premier essai. Vous pouvez retrouver ces pourcentages ci-dessous.
 

Statistiques - réponses

NomAltitude max (en m)% Correct
Haute-Savoie4809
98%
Hautes-Alpes4102
95%
Isère4088
92%
Savoie3855
92%
Alpes-de-Haute-Provence3410
91%
Hautes-Pyrénées3298
91%
Alpes-Maritimes3120
87%
Ariège3140
87%
Haute-Garonne3215
87%
Pyrénées-Atlantiques2973
81%
Pyrénées-Orientales2921
81%
La Réunion3071
79%
Haute-Corse2706
78%
Corse-du-Sud2418
76%
Drôme2454
76%
Aude2469
75%
Cantal1855
74%
Puy-de-Dôme1886
74%
Ain1718
73%
Vaucluse1911
73%
Ardèche1747
72%
Haute-Loire1725
72%
Jura1495
71%
Var1712
71%
Lozère1699
70%
Doubs1463
68%
Gard1560
68%
Loire1631
68%
Aveyron1461
67%
Vosges1363
67%
Haut-Rhin1422
64%
Guadeloupe1467
63%
Martinique1397
62%
Tarn1274
62%
Allier1280
60%
Bas-Rhin1091
60%
Hérault1152
60%
Bouches-du-Rhône1041
59%
Haute-Saône1215
59%
Rhône1008
59%
Corrèze973
58%
Moselle986
58%
Territoire de Belfort1244
58%
Creuse936
57%
Lot776
57%
Guyane851
56%
Mayotte660
56%
Saône-et-Loire901
56%
Côte-d'Or721
55%
Haute-Vienne799
55%
Meurthe-et-Moselle730
55%
Nièvre857
55%
Tarn-et-Garonne506
55%
Cher502
54%
Haute-Marne523
54%
Ardennes501
53%
Dordogne491
53%
Yonne606
53%
Finistère387
52%
Meuse451
52%
Paris127
52%
Gers386
51%
Orne413
51%
Indre467
50%
Mayenne416
50%
Aube372
49%
Charente368
49%
Loire-Atlantique117
49%
Morbihan301
49%
Seine-Saint-Denis131
49%
Val-de-Marne130
49%
Côtes-d'Armor340
48%
Hauts-de-Seine179
48%
Manche367
48%
Aisne295
47%
Calvados361
47%
Gironde167
47%
Marne288
47%
Sarthe341
47%
Vendée290
47%
Essonne178
46%
Landes237
46%
Lot-et-Garonne284
46%
Maine-et-Loire216
46%
Seine-et-Marne216
46%
Val-d'Oise217
46%
Yvelines201
46%
Charente-Maritime173
45%
Deux-Sèvres271
45%
Eure251
45%
Eure-et-Loir286
45%
Loiret281
45%
Nord271
45%
Oise236
45%
Seine-Maritime247
45%
Somme216
45%
Vienne232
45%
Ille-et-Vilaine258
44%
Loir-et-Cher258
44%
Pas-de-Calais211
44%
Indre-et-Loire186
43%

Distribution des résultats

Percentile par nombre de réponses

% des personnes avec chaque résultat

Votre développement - résultats

Vous n’avez pas pris ce quiz